Statistics For Business And Economics 8e, (Record no. 5196)

MARC details
005 - DATE AND TIME OF LATEST TRANSACTION
control field 20250626064125.0
020 ## - INTERNATIONAL STANDARD BOOK NUMBER
International Standard Book Number 0-324-06671-6
082 ## - DEWEY DECIMAL CLASSIFICATION NUMBER
Classification number 519.5 SWE
100 ## - MAIN ENTRY--PERSONAL NAME
Author name ANDERSON, R. D.
245 ## - TITLE STATEMENT
Title Statistics For Business And Economics 8e,
250 ## - EDITION STATEMENT
Edition statement 8th Ed
260 ## - PUBLICATION, DISTRIBUTION, ETC.
Place of publication, distribution, etc. New York,
Name of publisher, distributor, etc. South- Western Thomson Learning,
Date of publication, distribution, etc. 2002.
300 ## - PHYSICAL DESCRIPTION
Extent xxv.; 883p.; Ill.; picture,
Other physical details Glossary, Index
Dimensions 26cm.
700 ## - ADDED ENTRY--PERSONAL NAME
Other authors/Editors SWEENEY, D. J. & WILLIAMS, T.
942 ## - ADDED ENTRY ELEMENTS (KOHA)
Source of classification or shelving scheme Dewey Decimal Classification
Koha item type Books
Holdings
Date last seen Total checkouts Full call number Barcode Cost, replacement price Price effective from Koha item type Lost status Source of classification or shelving scheme Damaged status Not for loan Withdrawn status Home library Current library Shelving location Date acquired Cost, normal purchase price
06/26/2025   519.5SWE DOM000888 195000.00 06/26/2025 Books   Dewey Decimal Classification       CBE Dodoma CBE Dodoma General Collection 05/26/2015 65000.00